000 00664nam a2200277Ia 4500
005 20260320195727.0
008 008 262003s9999 xx 000 0 hin d
020 _a9788126712014
037 _aEBOOK
040 _aCRL
040 _bhin
040 _cCRL
041 _2hin
041 _ahin
084 _qCRL
100 _aकृष्णा सोबती
_91132763
245 0 _aदिलो दानिश
250 _a7th
260 _bRajkamal
260 _c2006
300 _a235
856 _uhttps://ebook.indiaread.in/pdfs/280_dilo_danish_by_krishna_sobti.pdf
942 _cEBOOK
999 _c1716157
_d1716157